| 000 | 01128cam a22002054a 4500 | ||
|---|---|---|---|
| 005 | 20250605164332.0 | ||
| 008 | 250528s ||||||||||||||||||||||||d | ||
| 035 | _a23262 | ||
| 020 | _a9789609969819 | ||
| 040 |
_aGR-AtMCL _bgre _dGR-AtMCL _eAACR2 |
||
| 245 | 1 | _aΤο Τέστ των Παραμυθιών | |
| 260 | _c2015 | ||
| 300 | _a304 | ||
| 520 | _aΕισαγωγή, Χορήγηση του Τέστ, Περιγραφή και Κωδικοποίηση των Μεταβλητών, Μηχανισμοί Έρευνας, Ποσοτική Ανάλυση και Ποιοτική Ερμηνεία, Μελέτη Περιστατικών, Στάθμιση και Ψυχομετρικές Ιδιότητες, Η Πορεία του FTT και Μελλοντικές Κατευθύνσεις, Συνήθεις Απαντήσεις στις Ερωτήσεις, Παραδείγματα Βαθμολόγησης, Percentiles (Pctile) and (T) for FTT Parameters. | ||
| 700 | 1 |
_aΚουλάλογλου Καρίνα _98855 |
|
| 942 | _cBK | ||
| 710 | 2 |
_aProjective Fairy Tale Test Society _99817 |
|
| 999 |
_c8291 _d8291 |
||